'I'-Less Asian Countries Quiz Stats

 Plays Quiz Updated Mar 7, 2016

Challenge
Share
Tweet
Embed
Score 0/16 Timer 02:00
18 Plays Today
% Correct
Japan
93.9%
South Korea
84.8%
North Korea
84.7%
Laos
83%
Nepal
78.3%
Oman
73.6%
Yemen
72.7%
Jordan
69.9%
% Correct
Myanmar
69.3%
Bhutan
68%
Kazakhstan
66.5%
Turkey
66.1%
Bangladesh
65.3%
Qatar
64%
Lebanon
61.4%
Kyrgyzstan
59.1%

You're not logged in!

Compare scores with friends on all Sporcle quizzes.
OR
Log In

You Might Also Like...

Show Comments

Extras

Top Quizzes Today


Score Distribution

Your Account Isn't Verified!

In order to create a playlist on Sporcle, you need to verify the email address you used during registration. Go to your Sporcle Settings to finish the process.

Report this User

Report this user for behavior that violates our Community Guidelines.

Details: